000 00596aam a2200205 4500
001 7372
003 Uk
005 20250610154314.0
006 m || d |
007 cr |||||||||||
008 040401s2004 enka ob 001 0 eng
020 _a9781930618060
082 0 4 _a301.1 MYE
100 1 _aMyers, Fred R. (Ed.)
245 1 0 _aThe empire of things :
_bregimes of value and material culture.
260 _aSanta Fe :
_bSchool of American Research Press,
_c2001.
300 _aix, 252 p. :
_bill, :
_c26 cm.
504 _aIncludes bibliographical references and index.
942 _2ddc
_cMAIN
999 _c10351
_d10352